Country by Landscape Quiz Stats

 Plays Quiz not verified by Sporcle

Challenge
Share
Tweet
Score 0/15 Timer 06:00
0 Plays Today
% Correct
Brazil
80.3%
Brazil
59.1%
Brazil
57.6%
Brazil
50%
Brazil
48.5%
Brazil
47%
Brazil
45.5%
Brazil
45.5%
% Correct
Brazil
45.5%
Brazil
45.5%
Brazil
45.5%
Brazil
43.9%
Brazil
42.4%
Brazil
42.4%
Brazil
40.9%

You're not logged in!

Compare scores with friends on all Sporcle quizzes.
Join for Free
OR
Log In

You Might Also Like...

Show Comments

Extras

Created Jan 9, 2017ReportNominate
Tags:Country Quiz

Top Quizzes Today


Score Distribution

Your Account Isn't Verified!

In order to create a playlist on Sporcle, you need to verify the email address you used during registration. Go to your Sporcle Settings to finish the process.

Report this User

Report this user for behavior that violates our Community Guidelines.

Details: